कलारंग (Record no. 188663)

MARC details
000 -LEADER
fixed length control field 00517nam a2200181Ia 4500
008 - FIXED-LENGTH DATA ELEMENTS--GENERAL INFORMATION
fixed length control field 090124s9999 xx 000 0 und d
082 ## - DEWEY DECIMAL CLASSIFICATION NUMBER
Item number 33796
100 ## - MAIN ENTRY--PERSONAL NAME
Personal name महागावकर केशव
245 ## - TITLE STATEMENT
Title कलारंग
250 ## - EDITION STATEMENT
Edition statement 1
260 ## - PUBLICATION, DISTRIBUTION, ETC. (IMPRINT)
Name of publisher, distributor, etc मराठे प्रमोद
Date of publication, distribution, etc 2006
300 ## - PHYSICAL DESCRIPTION
Extent 72
600 ## - SUBJECT ADDED ENTRY--PERSONAL NAME
Personal name महागावकर केशव
630 ## - SUBJECT ADDED ENTRY--UNIFORM TITLE
Uniform title कलारंग
700 ## - ADDED ENTRY--PERSONAL NAME
Personal name महागावकर केशव
730 ## - ADDED ENTRY--UNIFORM TITLE
Uniform title कलारंग
942 ## - ADDED ENTRY ELEMENTS (KOHA)
Koha item type Book
Holdings
Withdrawn status Lost status Damaged status Not for loan Home library Current library Date acquired Cost, normal purchase price Total Checkouts Full call number Barcode Date last seen Cost, replacement price Price effective from Koha item type
        Marathi Granth Sangrahalaya,Thane Marathi Granth Sangrahalaya,Thane   90.00   33796 THNMGS-33796 01/24/2009 90.00 01/24/2009 Book